000 00520nam a22001817a 4500
005 20240306142929.0
008 240306b |||||||| |||| 00| 0 eng d
020 _a9781119428114
082 _a005.133
_bMUE-C
100 _aMuller, John Paul
245 _aC# 7.0 All-in-One For Dummies /
_cBill Sempf ,Chuck Sphar
260 _aindia:
_bJohn wiley&Sons;
_c2018.
300 _axxii,830 P. :
_bill,
_c23 cm.
505 _aInclude index.
650 _acomputer science/programming
700 _aBill Sempf
999 _c35245
_d35245